000
00345nam a2200133Ia 4500
003
GCL
008
140319s9999 xx 000 0 ara d
040
_a
GCL /
_c
GCL
082
0
4
_a
243
_b
ج م
245
1
0
_a
الملائكة حقيقتهم وجودهم صفاتهم
260
_a
[S.N] :
_b
جروس برس ،
_c
1991
300
_a
160 ص
490
_a
999
_c
54923
_d
54923